| 000 | 00512nam a22001937a 4500 | ||
|---|---|---|---|
| 003 | MPLRDC | ||
| 005 | 20220104190305.0 | ||
| 008 | 210129b ||||| |||| 00| 0 eng d | ||
| 020 | _a978-957-13-5330-2 | ||
| 082 | _a328.8 SMI | ||
| 100 | _aLAURENCE C. SMITH | ||
| 245 |
_a2050人类大迁徙 _c廖月娟 译 |
||
| 250 | _a初版 | ||
| 260 |
_a台湾 _b时报文化出版企业股份有限公司 _c2011 |
||
| 300 | _b平 | ||
| 490 | _aEARTH: 0006 | ||
| 650 | _a全球气候变迁 | ||
| 942 |
_cBK _o328.8 SMI |
||
| 999 |
_c63720 _d63710 |
||